Bharatiya sangeet ko media aur sansthaonka yogadan (Record no. 3537)

MARC details
000 -LEADER
fixed length control field 00481nam a2200169Ia 4500
008 - FIXED-LENGTH DATA ELEMENTS--GENERAL INFORMATION
fixed length control field 230917s9999||||xx |||||||||||||| ||und||
020 ## - ISBN
Price RS 1100.00
040 ## - CATALOGING SOURCE
-- 5001510
Original cataloging agency VIVEKANANDA LIBRARY
041 ## - Language
-- English
082 ## - DDC NUMBER
Classification number 780.954 S23B
100 ## - MAIN ENTRY--PERSONAL NAME
Personal name Sharma, Radhika
245 #0 - TITLE STATEMENT
Title Bharatiya sangeet ko media aur sansthaonka yogadan
260 ## - PUBLICATION, DISTRIBUTION, ETC. (IMPRINT)
Place of publication, distribution, etc New Delhi
Name of publisher, distributor, etc Sanjay Prakashan
Date of publication, distribution, etc 2020
300 ## - PHYSICAL DESCRIPTION
Pages xiv, 387 p.
500 ## - GENERAL NOTE
General note 4180 14/12/2021 SANJAY22/8328 17/12/2021 Main Budget
942 ## - ADDED ENTRY ELEMENTS (KOHA)
Koha item type Books
Holdings
Withdrawn status Lost status Damaged status Not for loan Location (home branch) Sublocation or collection (holding branch) Date acquired Koha issues (times borrowed) Koha full call number Accession No. Koha date last seen Koha item type
        VIVEKANANDA LIBRARY VIVEKANANDA LIBRARY 28/01/2022   780.954 S23B 398529 17/09/2023 Books
        VIVEKANANDA LIBRARY VIVEKANANDA LIBRARY 28/01/2022 1 780.954 S23B 398530 18/04/2024 Books
        VIVEKANANDA LIBRARY VIVEKANANDA LIBRARY 28/01/2022 2 780.954 S23B 398531 30/04/2025 Books
© Designed and Maintained by Vivekananda Library, MDU Rohtak